航空运输货邮周转量最大的国家 Countries by air cargo and mail turnover - Statistics

General Stats
  • This quiz has been taken 27 times
  • The average score is 14 of 20
Answer Stats
货邮周转量(百万吨公里) 国家 % Correct
45973 美国
100%
18964 中国
100%
9689 日本
100%
13741 韩国
95%
12857 德国
95%
4090 法国
95%
3098 加拿大
95%
4696 新加坡
91%
4020 英国
91%
8422 土耳其
86%
1587 意大利
86%
12995 阿联酋
73%
3372 荷兰
73%
14087 卡塔尔
64%
1687 比利时
59%
2018 智利
41%
1730 哥伦比亚
36%
7989 卢森堡
23%
3753 埃塞俄比亚
14%
2853 阿塞拜疆
0%
No matching quizzes found
Score Distribution
Percent of People with Each Score
Percentile by Number Answered
Your Score History
You have not taken this quiz